| 000 | 00910nam a2200241Ia 4500 | ||
|---|---|---|---|
| 003 | OSt | ||
| 005 | 20221002050343.0 | ||
| 006 | a|||||r|||| 00| 0 | ||
| 007 | ta | ||
| 008 | 220930b |||||||| |||| 00| 0 urd d | ||
| 020 |
_a9789381582732 (hbk) _cIndian Rupees 1695 |
||
| 024 | _a43836 | ||
| 037 |
_bGift, 29/05/2019, _cReference Collections |
||
| 040 |
_aCRL _cCRL _burh |
||
| 041 |
_2urh _aurh |
||
| 082 | _aP168:4k, 152Q3(RR) | ||
| 100 | _aउस्मानी, सज्जाद, ले. | ||
| 245 | 0 | _aजदीद उर्दू - हीन्दी - अंग्रेज़ी शब्दकोश | |
| 260 |
_aदिल्ली _b स्वराज प्रकाशन _c2013 |
||
| 300 |
_a795पृ0 _ccm. |
||
| 942 |
_hP168:4k, 152Q3(RR) _cref _2CC |
||
| 999 |
_c914420 _d914420 |
||